Cambridge primary English learner’s book 1/ (Record no. 8668)
[ view plain ]
| 000 -LEADER | |
|---|---|
| fixed length control field | 00950nam a22002297a 4500 |
| 001 - CONTROL NUMBER | |
| control field | 8668 |
| 003 - CONTROL NUMBER IDENTIFIER | |
| control field | FISKH |
| 005 - DATE AND TIME OF LATEST TRANSACTION | |
| control field | 20260204151353.0 |
| 008 - FIXED-LENGTH DATA ELEMENTS--GENERAL INFORMATION | |
| fixed length control field | 251009b cb ||||| |||| 00| 0 eng d |
| 020 ## - INTERNATIONAL STANDARD BOOK NUMBER | |
| International Standard Book Number | 9781107632981 |
| 040 ## - CATALOGING SOURCE | |
| Original cataloging agency | FISKH |
| Language of cataloging | eng |
| Transcribing agency | FISKH |
| Modifying agency | FISKH |
| 082 ## - DEWEY DECIMAL CLASSIFICATION NUMBER | |
| Classification number | 428.2 |
| 100 ## - MAIN ENTRY--PERSONAL NAME | |
| Personal name | Budgell, Gill |
| 245 ## - TITLE STATEMENT | |
| Title | Cambridge primary English learner’s book 1/ |
| Statement of responsibility, etc. | Gill Budgell and Kate Ruttle |
| 260 ## - PUBLICATION, DISTRIBUTION, ETC. | |
| Place of publication, distribution, etc. | New York : |
| Name of publisher, distributor, etc. | Cambridge, |
| Date of publication, distribution, etc. | 2015. |
| 300 ## - PHYSICAL DESCRIPTION | |
| Extent | 160 pages : |
| Other physical details | color illustrations ; |
| Dimensions | 28 cm |
| 520 ## - SUMMARY, ETC. | |
| Summary, etc. | Cambridge Primary English Learner’s Book supports the development of reading, writing, listening, and speaking skills for young learners. It follows the Cambridge Primary English curriculum framework and encourages creative expression and confidence in using English. |
| 650 ## - SUBJECT ADDED ENTRY--TOPICAL TERM | |
| Topical term or geographic name entry element | Reading comprehension |
| Form subdivision | Writing skills |
| General subdivision | Listening and speaking |
| 700 ## - ADDED ENTRY--PERSONAL NAME | |
| Personal name | Ruttle, Kate |
| Relator term | Author |
| 942 ## - ADDED ENTRY ELEMENTS (KOHA) | |
| Source of classification or shelving scheme | Dewey Decimal Classification |
| Koha item type | Books |
| Suppress in OPAC | No |
| Withdrawn status | Lost status | Source of classification or shelving scheme | Damaged status | Not for loan | Collection | Home library | Current library | Shelving location | Date acquired | Total Checkouts | Full call number | Barcode | Date last seen | Copy number | Price effective from | Koha item type |
|---|---|---|---|---|---|---|---|---|---|---|---|---|---|---|---|---|
| Dewey Decimal Classification | Reference | Footprints International School Library Network Toul Kork Campus | Footprints International School Library Network Toul Kork Campus | Librarian's Shelf TK | 10/09/2025 | BUD 428.2 | 2025-4506 | 10/09/2025 | 1 | 10/09/2025 | Books | |||||
| Dewey Decimal Classification | Reference | Footprints International School Library Network Toul Kork Campus | Footprints International School Library Network Toul Kork Campus | Librarian's Shelf TK | 10/09/2025 | BUD 428.2 | 2025-4507 | 10/09/2025 | 2 | 10/09/2025 | Books |
